ბათუმის შოთა რუსთაველის სახელმწიფო უნივერსიტეტის ბიბლიოთეკა

New Headway. Beginner Workbook with key / (ბიბ.ჩანაწერი № 53142)

000 -LEADER
fixed length control field 00644nam a2200241Ia 4500
001 - CONTROL NUMBER
control field 20181
003 - CONTROL NUMBER IDENTIFIER
control field GE_BSU
005 - DATE AND TIME OF LATEST TRANSACTION
control field 20250714165419.0
008 - FIXED-LENGTH DATA ELEMENTS--GENERAL INFORMATION
fixed length control field 181216s2013||||enk|||||||||||||| ||eng||
020 ## - INTERNATIONAL STANDARD BOOK NUMBER
International Standard Book Number 9780194771085
040 ## - CATALOGING SOURCE
Transcribing agency GE_BSU
041 ## - LANGUAGE CODE
Language code of text/sound track or separate title geo
080 ## - UNIVERSAL DECIMAL CLASSIFICATION NUMBER
Universal Decimal Classification number 811.111(075.8) S-70
100 ## - MAIN ENTRY--PERSONAL NAME
Personal name Soars Liz & John
9 (RLIN) 25643
245 ## - TITLE STATEMENT
Title New Headway. Beginner Workbook with key /
Statement of responsibility, etc. Soars Liz & John
250 ## - EDITION STATEMENT
Edition statement Fourth edition
264 ## - PRODUCTION, PUBLICATION, DISTRIBUTION, MANUFACTURE, AND COPYRIGHT NOTICE
Place of production, publication, distribution, manufacture New York :
Name of producer, publisher, distributor, manufacturer Oxford University Press,
Date of production, publication, distribution, manufacture, or copyright notice 2013.
300 ## - PHYSICAL DESCRIPTION
Extent 103 p. ;
Dimensions 29 cm.
653 ## - INDEX TERM--UNCONTROLLED
keyword New Headway
653 ## - INDEX TERM--UNCONTROLLED
keyword Beginner Workbook with key
942 ## - ADDED ENTRY ELEMENTS (KOHA)
Koha item type წიგნი
Source of classification or shelving scheme
ეგზემპლარები
Withdrawn status Lost status Source of classification or shelving scheme Damaged status Not for loan Permanent Location Current Location Shelving location Date acquired Cost, normal purchase price Full call number Barcode Date last seen Copy number Price effective from Koha item type Public note
          ბათუმის შოთა რუსთაველის სახელმწიფო უნივერსიტეტის მთავარი ბიბლიოთეკა ბათუმის შოთა რუსთაველის სახელმწიფო უნივერსიტეტის მთავარი ბიბლიოთეკა წიგნსაცავი 2018-12-17 12.00 811.111(075.8) S-70 27939 2018-12-17 27939 2018-12-17 წიგნი 12 ₾.